<?xml version="1.0" encoding="utf-8"?>
<?xml-stylesheet type='text/xsl' href='./oai2.xsl'?>
<OAI-PMH xmlns="http://www.openarchives.org/OAI/2.0/" xmlns:xsi="http://www.w3.org/2001/XMLSchema-instance" xsi:schemaLocation="http://www.openarchives.org/OAI/2.0/ http://www.openarchives.org/OAI/2.0/OAI-PMH.xsd">
  <responseDate>2026-04-30T04:09:05Z</responseDate>
  <request verb="GetRecord" metadataPrefix="marcxml" identifier="record_kuniweb_164892">https://kulturerbe.niedersachsen.de/oai</request>
  <GetRecord>
    <record>
      <header>
        <identifier>record_kuniweb_164892</identifier>
        <datestamp>2025-08-28T09:38:22Z</datestamp>
        <setSpec>slg0217</setSpec>
      </header>
      <metadata>
        <marc:record xmlns:marc="http://www.loc.gov/MARC21/slim" xsi:schemaLocation="http://www.loc.gov/MARC21/slim http://www.loc.gov/standards/marcxml/schema/MARC21slim.xsd">
          <marc:leader>12345nkm  22     uu 4500</marc:leader>
          <marc:controlfield tag="001">164892</marc:controlfield>
          <marc:controlfield tag="003">http://kuniweb.gbv.de</marc:controlfield>
          <marc:controlfield tag="005">2019-10-08T15:34:50</marc:controlfield>
          <marc:controlfield tag="008">|           ||||||||||||||||||||||</marc:controlfield>
          <marc:datafield tag="245" ind1="1" ind2="0">
            <marc:subfield code="a">Friktionseinrichtung für ein konisches Getriebe für Fa. Mühlenbau Pätzmann in Winsen/Luhe, 1927</marc:subfield>
          </marc:datafield>
          <marc:datafield tag="655" ind1=" " ind2="7">
            <marc:subfield code="a">Grafik</marc:subfield>
          </marc:datafield>
          <marc:datafield tag="046" ind1=" " ind2=" ">
            <marc:subfield code="k">1927-04-01</marc:subfield>
            <marc:subfield code="k">01.04.1927</marc:subfield>
          </marc:datafield>
          <marc:datafield tag="260" ind1=" " ind2=" ">
            <marc:subfield code="g">1927-04-01</marc:subfield>
            <marc:subfield code="g">01.04.1927</marc:subfield>
          </marc:datafield>
          <marc:datafield tag="520" ind1=" " ind2=" ">
            <marc:subfield code="a">Zeichnung - koloriert
Herstellungsort – Königshütte, Bad Lauterberg

Auftraggeber und Standort:
Mühlenbau Pätzmann, Winsen/Luhe

Anmerkung zum Auftraggeber:
Die Firma Pätzmann GmbH &amp; Co KG beschäftigt sich seit 1869 auf dem Sektor der Mühlenbautechnik, Gewürzmüllerei, Spezialmaschinenbau und Sonderkonstruktionen.
Am … Standort in Winsen an der Luhe produzieren sie Mühlenbautechnik und Sonderkonstruktionen in Metall und Holz.Ein weiteres Geschäftsfeld ist die Entwicklung, Herstellung und Vertrieb von Magnetsepariersystemen und Förderanlagen in Standard und Sonderausführungen. Im Jahr 2008 wurde Firma Pätzmann GmbH &amp; Co. KG Preisträger des Bundespreises für Handwerk in der Denkmalpflege.
Pätzmann Mühlen-Maschinenbau GmbH &amp; Co. KG - Winsen/Luhe
branchenbuch.meinestadt.de › ... › Winsen/Luhe › Firmen › Maschinenbau

Anmerkung zum Objekt:
Friktion oder Reibungswiderstand genannt, ist eine Kraft, die zwischen Körpern oder Teilchen wirkt, die einander berühren. Die Reibungskraft erschwert dann die Bewegung der Körper gegeneinander. Um eine Bewegung zu erzeugen oder aufrecht zu erhalten, ist Arbeit notwendig. Wenn bei einer Bewegung Reibung auftritt, wird ein Teil der Arbeit oder der Bewegungsenergie durch Dissipation in Reibungswärme umgewandelt und/oder für Verschleiß verbraucht.

Bei der Betrachtung von Reibungsvorgängen unterscheidet man zwischen äußerer Reibung und innerer Reibung. Die äußere Reibung tritt auf bei Reibung zwischen sich berührenden Außenflächen von Festkörpern. Die innere Reibung tritt auf zwischen benachbarten Teilchen bei Verformungsvorgängen innerhalb von Festkörpern, Flüssigkeiten und Gasen. In physikalischen Modellen werden Reibungskräfte oft vernachlässigt, wenn sie relativ klein und/oder quantitativ schwer erfassbar sind. Mit der wissenschaftlichen Untersuchung von Reibungsvorgängen beschäftigt sich die Tribologie (Reibungslehre).
Reibung – Wikipedia
https://de.wikipedia.org › wiki › Reibung


 (Förderkreis Königshütte Bad Lauterberg e.V.)</marc:subfield>
          </marc:datafield>
          <marc:datafield tag="650" ind1="1" ind2=" ">
            <marc:subfield code="a">Müllereitechnologie</marc:subfield>
          </marc:datafield>
          <marc:datafield tag="650" ind1="1" ind2=" ">
            <marc:subfield code="a">Grafik, Fotografie &gt; Zeichnung</marc:subfield>
          </marc:datafield>
          <marc:datafield tag="650" ind1="1" ind2=" ">
            <marc:subfield code="a">Handwerk</marc:subfield>
          </marc:datafield>
          <marc:datafield tag="650" ind1="1" ind2=" ">
            <marc:subfield code="a">Winsen (Luhe) (Harburg, Niedersachsen)</marc:subfield>
          </marc:datafield>
          <marc:datafield tag="773" ind1="0" ind2=" ">
            <marc:subfield code="t">Maschinenelemente, Zubehör und Werkzeuge</marc:subfield>
          </marc:datafield>
          <marc:datafield tag="852" ind1=" " ind2=" ">
            <marc:subfield code="a">Industriedenkmal Königshütte Bad Lauterberg im Harz</marc:subfield>
          </marc:datafield>
          <marc:datafield tag="" ind1=" " ind2=" ">
            <marc:subfield code="a">Namensnennung - Nicht kommerziell - Keine Bearbeitungen 4.0 International (CC BY-NC-ND 4.0)</marc:subfield>
          </marc:datafield>
        </marc:record>
      </metadata>
    </record>
  </GetRecord>
</OAI-PMH>
